Quizzes
Events
Quiz Creation
Community
Videos
Private Events
Remove Ads
Sign In
Join for FREE
Feedback
Dark Mode
Quiz Categories
Sports
Geography
Music
Movies
Television
Just For Fun
Miscellaneous
History
Literature
Language
Science
Gaming
Entertainment
Religion
Holiday
For Kids
Quiz Lab
Recent
Popular Today
Quiz Kudos Today
Editor Picks
Curator Picks
Quizzes by...
Day
Popularity
Type
Ratings
Length
Year
Community
Subscriptions
Recent Discussions
Orange Saloon
Badges
Playlists
Quests
Create
Leaderboards
Showdown
Live 5
Trivia Bingo
Activity
Puzzle Library
Sporcle Events
Private Events
Virtual Trivia
Globe League
Become a Host
Pub Owners
SporcleCon
Opinionation
Our Games
Videos
Blog
Mobile Apps
Partnerships
Remove Ads and Go Orange
Feedback
Science
Computer
Plants
Astronomy
Chemistry
Elements
Math
Animal
Physics
Anatomy
Biology
Geology
General Science
Science
Computer
Plants
Astronomy
Chemistry
Elements
Math
Animal
Physics
Anatomy
Biology
Geology
General Science
Random Quiz
Search Sporcle
×
Quiz Lab
Quiz Lab
Science
Criteria
Type in answers that appear in a list
Type in answers that appear in a list
Classic
Best Score? Go Orange.
DSM-IV-TR Criteria for GAD Stats
Can you name the DSM-4-TR Criteria for GAD?
By
DSM4
3m
10 Questions
66 Plays
66 Plays
66 Plays
Comments
Comments
Give Quiz Kudos
Give Quiz Kudos
-
- Ratings
hide this ad
Replay
Link that replays current quiz
Next Quiz
Link to next quiz in quiz playlist
You Got
0%
They Got
Avg Score
49%
Avg Friend Score
Upgrade to see
Score Distribution
Jump to the score distribution portion of the page
Score
0/10
Timer
03:00
0
Plays Today
Hint
% Correct
C. Associated with _
_
_
of the the following:
3
80.3%
Duration
6 months
77.3%
6
sleep disturbance
54.5%
A.
Excessive anxiety and worry occurring more days than not about a number of events or activities
45.5%
2
being easily fatigued
43.9%
5
muscle tension
43.9%
1
restlessness or feeling keyed up or on edge
40.9%
4
irritability
39.4%
3
difficulty concentrating or mind going blank
34.8%
B.
The person finds it difficult to control the worry
33.3%
Quiz Playlist
Details
Report
Send in Message
Add To Playlist
Classic:
Type in answers that appear in a list
Last Updated: Feb 16, 2017
Quiz Scoreboard
CHALLENGE
Sign Up to Join the Scoreboard
Show All
Scores
Hide
Comments
May contain spoilers
Recently Published
Popular People in 1961
by mucciniale
History
6m
1-10 Letter E Words III
by El_Dandy
Language
2m
One Thing in Common: World Cities II
by knightlancer
Geography
7m
More to Explore
Quiz From the Vault
Featured Blog Post
Where Did the Easter Bunny Come From?
hide this ad
You Might Also Like...
Tags
Criteria
DSM-IV-TR
gad
Today's Top Quizzes in Science
Browse Science
hide this ad
Today's Top Quizzes in Criteria
Browse Criteria
Top Contributed Quizzes in Science
1
One Thing in Common: Science III
2
Quick Pick: 'CI-CJ' Animals
3
Quick Pick: Radians
4
One Thing in Common: Science
5
Sporcle Puzzle Hunt: Science
6
One Thing in Common: Science II
7
Elements In Images
8
Square Numbers Scrambled (1-50)
9
1 to 50
10
Glycolysis
Explore More
Trending Topics
NBA
Anime
Crossword
Disney
Marvel
Harry Potter
Kpop
WWE
Song
NFL
Country
The Office
Puzzle
Soccer
Pokémon
hide this ad
More By:
DSM4
Quiz
Plays
Rating
Category
Featured
Created
DSM-IV-TR Criteria for a Manic Episode
71
1.00
Science
Dec 22, 2009
DSM-IV-TR Criteria for GAD
66
2.00
Science
Dec 22, 2009
DSM-IV-TR Criteria for Dependence
41
Science
Dec 22, 2009
Go to Creator's Profile
Score Distribution
Quiz Creator Spotlight
DSM4
Follow
Send a Message
Quizzes Created
-
Created Quiz Play Count
-
More By This Creator
Popular Quizzes Today
1
Find the US States - No Outlines Minefield
2
Find the Countries of Europe - No Outlines Minefield
3
The Countries of the World
4
Popular People in 1961
5
1-10 Letter E Words III
6
Find the US States
7
US States
8
One Thing in Common: World Cities II
More Science Quizzes
Prove You Aren't a Robot - Animal Classes
Curator's Pick
Trending Quizzes
Risky Map Clicking: Least Populous States A-Z
1-10 Letter F Words
1-10 Letter G Words
One Thing in Common: United Kingdom
Risky Map Clicking: Next State Alphabetically
Recently Updated
Leaping Animals
pecheneg
Reality TV Shows (A-Z)
bhenderson79
Rickey Henderson's Hall of Fame Teammates
pecheneg
Champions League XIs: Arsenal
pecheneg
Quick Pick: Celebrities in WWE's Hall of Fame
aduchscher
A-Z Keypad Blitz II
pecheneg
Multiple Oscar Actors
pecheneg
Mystery Phrase Blitz: Oscar 'Best Actors'
pecheneg
F. Scott Fitzgerald Novels
LTH
Pick 3 Villains
ddd62291
Trending Topics
Disney
Harry Potter
NBA
Kpop
Anime
Crossword
Marvel
NFL
Pokémon
Soccer
The Office
WWE
Puzzle
Song
Country
Your Account Isn't Verified!
In order to create a playlist on Sporcle, you need to verify the email address you used during registration. Go to your
Sporcle Settings
to finish the process.
Report this User
Report this user for behavior that violates our
Community Guidelines
.
Details:
Send Report
Go to the Sporcle.com Mobile Site →
Comments